000
00276nam a22000977a 4500
082
_a
954.9355
_b
GHQ
245
_a
Pakistan Army Green Book 2016/
_c
GHQ; General Headquarters:
260
_a
GHQ; General Headquarters :
_b
Rawalpindi,
_c
2017.
300
_a
168p. :
942
_2
ddc
_c
REF
999
_c
610532
_d
610532